Malý Rarášok satiricko-humoristický zábavník

Bibliographic Details
Format: Journal
Language:Slovak
PhysicalDescription:zv.
Published: Martin [s. n.] 1865-[18--]
Subjects:

MARC

LEADER 00000cas a2200000 a 4500
001 vtls010210661
003 SK-MaSNL
005 20260228161158.0
008 110211d186518uuxo mr|p 0 b0slo
040 |a SNK  |b slo  |c SNK  |e AACR2 
041 0 |a slo 
044 |a xo  |c SK 
072 7 |a 821-1/-8  |x Literatúra rôznych foriem a žánrov  |2 konspekt 
080 |a 82-7  |2 2011 
080 |a 398.23  |2 2011 
080 |a 050  |2 2001 
080 |a 79(051)  |2 2011 
245 0 0 |a Malý Rarášok  |b satiricko-humoristický zábavník 
260 |a Martin  |b [s. n.]  |c 1865-[18--] 
300 |a zv. 
310 |a 1x mesačne 
362 0 |a Roč. 1, č. 1 (1865)-[18--] 
650 0 7 |a humor  |2 SNKPH  |9 1763 
650 0 7 |a satira  |2 SNKPH  |9 1764 
655 7 |a zábavné časopisy  |2 SNKPH  |9 145589 
910 |a snk 
999 |c 4580  |d 6510 
952 |0 0  |1 0  |4 0  |7 0  |8 5  |a SNK  |b SNK  |d 2011-02-11  |i snkF 3545/82  |l 0  |o snkČSC 2721/2/1866  |p 17A0688456  |r 2026-02-21 20:22:12  |w 2026-02-21  |y PREZ